000 00314nam a2200121Ia 4500
005 20251222144841.0
008 251222s9999||||xx |||||||||||||| ||spa||
082 _a230.046/I61
100 _aInterdonato, Francisco
245 0 _aSer y no ser de la Teología en Latinoamérica:
264 _bSESATOR
942 _cLIB
999 _c21223
_d21223